00539nam a2200181Ia 4500003000900000008004100009020001800050040001600068080001600084100001900100245008400119260004500203300001000248650003400258650001900292650002700311650001900338IN-BaIIA211028s9999 xx 000 0 eng d a0-89696-079-X cIIA Library a629.19bOLE aO'Leary, Brian 4aThe fertile starscO'Leary, Brian  aNew YorkbEverest House Publishersc1981 a132p. aExtraterrestrial environments aNASA thesaurus aOrbital space stations aSpace colonies